| 000 | 00739nam a2200217 4500 | ||
|---|---|---|---|
| 001 | 109074 | ||
| 003 | ES-MaACL | ||
| 005 | 20250824230749.0 | ||
| 007 | t| | ||
| 008 | 061121s1970 sp r ||||1| spa d | ||
| 100 | 1 |
_aMoynihan, Anselm. _983992 |
|
| 245 | 1 | 0 |
_aSiempre presencia de dios / _cAnselm Moynihan, Friedrich von Húgel; versión de José Mª Sánchez de Muniain y Sabater. |
| 260 |
_aMadrid : _bRialp, _c1970. |
||
| 300 |
_a173 p ; _c19 cm. |
||
| 490 | 1 |
_aP. Patmos ; _v138 |
|
| 700 | 1 |
_aHuegel, Friedrich von _c, Baron. _964532 |
|
| 700 | 1 |
_aSánchez de Muniain y Sabater, José María. _9102591 |
|
| 830 | 0 | 0 |
_aPatmos (Rialp) _v138 _9181154 |
| 852 |
_aES-MaACL _jC-47069 _bR.75230 |
||
| 999 |
_c109074 _d109074 |
||